| 000 | 00575nam a22001697a 4500 | ||
|---|---|---|---|
| 003 | OSt | ||
| 005 | 20140310182451.0 | ||
| 008 | 130220t xxu||||| |||| 00| 0 eng d | ||
| 020 | _a9780205617890 | ||
| 050 |
_aD 5 _b.D623 2009 vol. 1 |
||
| 245 |
_aDocuments in world history : _cPeter N. Stearns, Stephen S. Gosch, Erwin P. Grieshaber. _bthe great traditions: From ancient times to 1500 / |
||
| 260 |
_aUSA : _bPearson Education Inc., _c2008. |
||
| 300 |
_bill. ; _c24 cm. _axvii. 329 p. ; |
||
| 650 |
_aWorld History _xSources _98121 |
||
| 942 |
_2lcc _cSSLC |
||
| 999 |
_c13678 _d13678 |
||